000 00445nam a2200193Ia 4500
005 20250603144537.0
008 250603s9999 xx 000 0 und d
020 _a0130548421
050 _aTJ 213 .K8354/
100 _aKujo, Benjamin C.
245 0 _aAutomatic control systems
250 _a6th ed.
260 _aNew Jersey
260 _bPrentice Hall Inc
260 _c1987
300 _a327 p
650 _aNew Jersey
942 _cBK
999 _c39235
_d39235